My granny went to market : (Record no. 6774)

MARC details
000 -LEADER
fixed length control field 00978nam a22002777a 4500
001 - CONTROL NUMBER
control field 6774
003 - CONTROL NUMBER IDENTIFIER
control field FISKH
005 - DATE AND TIME OF LATEST TRANSACTION
control field 20250527114254.0
008 - FIXED-LENGTH DATA ELEMENTS--GENERAL INFORMATION
fixed length control field 250527b cb ||||| |||| 00| 0 eng d
020 ## - INTERNATIONAL STANDARD BOOK NUMBER
International Standard Book Number 9781905236626
040 ## - CATALOGING SOURCE
Original cataloging agency FISKH
Language of cataloging eng
Transcribing agency FISKH
Modifying agency FISKH
050 ## - LIBRARY OF CONGRESS CALL NUMBER
Classification number PZ8.B5735 M
082 ## - DEWEY DECIMAL CLASSIFICATION NUMBER
Classification number 398.84
100 ## - MAIN ENTRY--PERSONAL NAME
Personal name Blackstone, Stella
245 ## - TITLE STATEMENT
Title My granny went to market :
Remainder of title A round0-the-world counting ryme /
Statement of responsibility, etc. Written by Stella Blackstone ; illustrated by Christopher Corr
260 ## - PUBLICATION, DISTRIBUTION, ETC.
Place of publication, distribution, etc. London :
Name of publisher, distributor, etc. Barefoot Book,
Date of publication, distribution, etc. 1995
300 ## - PHYSICAL DESCRIPTION
Extent 24 unnumbered pages :
Other physical details color illustrations ;
Dimensions 25 cm
505 ## - FORMATTED CONTENTS NOTE
Formatted contents note O<br/>
520 ## - SUMMARY, ETC.
Summary, etc. A child's grandmother travels around the world, buying things in quantities that illustrate counting from one to ten.
521 8# - TARGET AUDIENCE NOTE
Target audience note 600<br/>
Source Lexile AD <br/>
521 8# - TARGET AUDIENCE NOTE
Target audience note O<br/>
Source Raz-Plus<br/>
650 ## - SUBJECT ADDED ENTRY--TOPICAL TERM
Topical term or geographic name entry element Around the World
Form subdivision Multicultural
General subdivision Family
Chronological subdivision Rhyme
700 ## - ADDED ENTRY--PERSONAL NAME
Personal name Corr, Christopher
Relator term illustrator
942 ## - ADDED ENTRY ELEMENTS (KOHA)
Source of classification or shelving scheme Dewey Decimal Classification
Koha item type Books
Suppress in OPAC No
Holdings
Withdrawn status Lost status Source of classification or shelving scheme Damaged status Not for loan Collection Home library Current library Shelving location Date acquired Total Checkouts Full call number Barcode Date last seen Date last checked out Copy number Price effective from Koha item type
    Dewey Decimal Classification     Juvenile Fiction Footprints International School Library Network Toul Kork Campus Footprints International School Library Network Toul Kork Campus TK Primary Library Room(4th Floor), Bookcase 3&4, Shelves 17-32, Yellow Books 05/27/2025 2 BLA 398.84 PZ8.B5735 M FISBK05537 12/19/2025 10/31/2025 1 05/27/2025 Books